000 00518nam a2200181Ia 4500
005 20240805040841.0
008 240331s9999 xx 000 0 und d
020 _a9627245011
082 _bEXP
_a382.71
245 0 _aExport processing zones in five countries
_b The economic and human consequences
260 _aHong kong
_bAsia partnership for human development
_c1986
300 _aviii, 267 p .,
650 _aEconomic
650 _aHuman Rights
650 _aHistory
700 _aShoesmith,D
_eedt
942 _cL
999 _c2840
_d2840